| 000 | 00653nam a22001937a 4500 | ||
|---|---|---|---|
| 005 | 20230303072830.0 | ||
| 008 | 230303b |||||||| |||| 00| 0 eng d | ||
| 020 | _a971-8581-81-2 | ||
| 082 | _aFil. 371.19 L735 2004 | ||
| 100 |
_aLinao, Rex T. _eauthor |
||
| 245 |
_aCommunity immersion: _btoward becoming agents of community empowerment / _cRex T. Linao; edited by Ernie T. Bhagwani |
||
| 260 |
_aQuezon City: _bGreat Books Trading, _cc2004. |
||
| 300 |
_axiv, 140p.; _bill. |
||
| 504 | _aIncludes bibliographies | ||
| 541 | _e3344 | ||
| 650 | _aCommunity and schools | ||
| 650 | _aCommunity development | ||
| 700 |
_aBhagwani, Ernie T. _eeditor |
||
| 999 |
_c1562 _d1562 |
||